| 000 | 00876nab a2200253 u 4500 | ||
|---|---|---|---|
| 001 | 12928 | ||
| 003 | HDC | ||
| 007 | cr bn --- | ||
| 008 | 210211b2014mmddii a|||| |||| 00| 0 eng d | ||
| 040 | _aHDC | ||
| 100 |
_aMorris, Sebastian _913774 |
||
| 245 | 0 |
_aRole of Small Scale Industries in the Age of Liberalisation _c/ Sebastian Morris, Rakesh Basant |
|
| 260 |
_aIndia: _bIndian Institute of Management, _c2014 |
||
| 300 | _a1 online resource (42 pages) | ||
| 336 |
_atext _2rdacontent |
||
| 337 |
_acomputer _2rdamedia |
||
| 338 |
_aonline resource _2rdacarrier |
||
| 650 |
_aSmall business _9208 |
||
| 700 |
_aBasant, Rakesh _913775 |
||
| 856 | _zRequest full-text at [email protected] | ||
| 942 | _2lcc | ||
| 942 | _cAR | ||
| 942 | _kJART 002643 | ||
| 999 |
_c10244 _d10244 |
||